000 01435nam a22002417a 4500
001 BRCA_9277
003 FranzMayer
005 20230721113539.0
008 230721b |||||||| |||| 00| 0 eng d
040 _aMFM
_besp
_cMFM
050 4 _aCO21
_bF47 1772
082 _2AE.4
100 1 _4Autor
_928888
_aFerraris, Lucii F.
240 1 _aPrompta bibliotheca canonica, juridica, moralis, theologica nec non ascetica, polemica, rubricistica, historica
_hDe Principalioribus, fere Omnibus, que in dies occurrunt, nec penes omnes facile, ac proptte repeiri possunt
_llatín
245 0 _aPrompta bibliotheca canonica, juridica, moralis, theologica nec non ascetica, polemica, rubricistica, historica
_bDe Principalioribus, fere Omnibus, que in dies occurrunt, nec penes omnes facile, ac proptte repeiri possunt
260 _aVenecia, Italia
_bGasparem Storti
_c1772
300 _a706 p
_c24 cm
440 _aPrompta bibliotheca canonica, juridica, moralis, theologica nec non ascetica, polemica, rubricistica, historica
_nDe Principalioribud fere omnibus, que in dies ocurrunt, nec penes omnes facile, acpromte repeiri possunt
_pTomo 4
_vVol 4.
_928889
505 0 _aTexto en: latínDirigido a: literatos, historiadores, abogados, estudiosos, investigadoresIncluye índice temático
650 1 _2Trabajos generales
_aEnciclopedia
_vEnciclopedia general
_928890
651 2 _2Teología
_aHistoria
_vÉtica
_xDerecho
_928891
942 _2lcc
_cB
999 _c10896
_d10896